Meri Zindagi Ka Maqsad/ (Record no. 614131)

000 -LEADER
fixed length control field 00685nam a22001697a 4500
020 ## - INTERNATIONAL STANDARD BOOK NUMBER
International Standard Book Number 9789692379403
082 ## - DEWEY DECIMAL CLASSIFICATION NUMBER
Classification number 297.09
Author Mark TAN
100 ## - MAIN ENTRY--PERSONAL NAME
Personal name Tanoli, Dr. Muhammad Shaheen Saad
245 ## - TITLE STATEMENT
Title Meri Zindagi Ka Maqsad/
Statement of responsibility, etc. Dr. Muhammad Shaheen Saad Tanoli
260 ## - PUBLICATION, DISTRIBUTION, ETC.
Place of publication, distribution, etc. Karachi ;
Name of publisher, distributor, etc. Zia Printer,
Date of publication, distribution, etc. 2022.
300 ## - PHYSICAL DESCRIPTION
Extent 149p. ;
Dimensions 26cm.
650 ## - SUBJECT ADDED ENTRY--TOPICAL TERM
Topical term or geographic name entry element Purpose in life – Religious aspects – Islam
880 ## - ALTERNATE GRAPHIC REPRESENTATION
Linkage 100-01\(3\r
Title ڈاکٹر محمد شاہین سعد تنولی
880 ## - ALTERNATE GRAPHIC REPRESENTATION
Linkage 245-02\(3\r
Title میری زندگی کا مقصد/
b ڈاکٹر محمد شاہین سعد تنولی
880 ## - ALTERNATE GRAPHIC REPRESENTATION
Linkage 260-03\(3\r
Title کراچی:
b ضیاء پرنٹر,
c 2022.
942 ## - ADDED ENTRY ELEMENTS (KOHA)
Source of classification or shelving scheme
Koha item type Book
650 ## - SUBJECT ADDED ENTRY--TOPICAL TERM
-- 129459
Holdings
Withdrawn status Lost status Source of classification or shelving scheme Damaged status Not for loan Permanent Location Current Location Date acquired Total Checkouts Full call number Barcode Date last seen Price effective from Koha item type
          Central Library (CL) Central Library (CL) 07/08/2025   297.09 TAN CL-D-2920 07/08/2025 07/08/2025 Book
© 2023 Central Library, National University of Sciences and Technology. All Rights Reserved.